| 000 | 00692nam a22002297i 4500 | ||
|---|---|---|---|
| 003 | URS | ||
| 005 | 20220114152924.0 | ||
| 008 | 160312b xxu||||| |||| 00| 0 eng d | ||
| 020 | _a9789719905493 | ||
| 040 |
_erda _cURSP-College Library _beng |
||
| 050 |
_aPL6054 _bM32m 2013 |
||
| 100 | 1 | _aMaranan, Mario H. | |
| 245 |
_aMasining na Pagpapahayag _b(para sa antas tersyarya). _cMario H. Maranan |
||
| 264 |
_aManila _bMindshapers Company,Inc. _c2013 |
||
| 300 |
_aviii, 221 pages: _bcolour illustration; _c22 cm |
||
| 336 |
_atext _btxt _2rdacontent |
||
| 337 |
_aunmediated _bn _2rdamedia |
||
| 338 |
_avolume _bnc _2rdacarrier |
||
| 650 | 0 | _aRetorika. | |
| 650 | 0 | _aRhetoric. | |
| 942 |
_2lcc _cF |
||
| 999 |
_c7860 _d7860 |
||